Etude biochimique et microbiologique du processus de fermentation du "ogui" dans la préparation de l'akassa béninois (Record no. 30910)

MARC details
000 -LEADER
fixed length control field 00728 a2200241 4500
041 ## - CODE DE LANGUE
Language code of summary or abstract/overprinted title or subtitle Fr
041 ## - CODE DE LANGUE
Language code of summary or abstract/overprinted title or subtitle En
100 ## - VEDETTE PRINCIPALE - NOM DE PERSONNE
Personal name Ayénan, Boniface Kossi
130 ## - VEDETTE PRINCIPALE - TITRE UNIFORME
Language of a work Fr
245 ## - TITLE STATEMENT
Title Etude biochimique et microbiologique du processus de fermentation du "ogui" dans la préparation de l'akassa béninois
300 ## - PHYSICAL DESCRIPTION
Extent XXIX-99 p.
502 ## - DISSERTATION NOTE
Dissertation note Thèse d'exercice
653 1# - INDEX TERM--UNCONTROLLED
Uncontrolled term Sciences agronomiques
650 ## - SUBJECT ADDED ENTRY--TOPICAL TERM
Topical term or geographic name as entry element MAIS
650 ## - SUBJECT ADDED ENTRY--TOPICAL TERM
Topical term or geographic name as entry element ZEA MAYS
650 ## - SUBJECT ADDED ENTRY--TOPICAL TERM
Topical term or geographic name as entry element FERMENTATION
650 ## - SUBJECT ADDED ENTRY--TOPICAL TERM
Topical term or geographic name as entry element REACTION BIOCHIMIQUE
650 ## - SUBJECT ADDED ENTRY--TOPICAL TERM
Topical term or geographic name as entry element BIOTECHNOLOGIE
653 #1 - INDEX TERM--UNCONTROLLED
Uncontrolled term Nutrition et sciences agro-alimentaires
651 ## - SUBJECT ADDED ENTRY--GEOGRAPHIC NAME
Geographic name BENIN
710 ## - ADDED ENTRY--CORPORATE NAME
Corporate name or jurisdiction name as entry element Abomey-Calavi, Université nationale du Bénin, Faculté des Sciences Agronomiques, BJ
Holdings
Withdrawn status Lost status Damaged status Not for loan Location (home branch) Sublocation or collection (holding branch) Date acquired Koha issues (times borrowed) Koha full call number Koha date last seen Copy number Price effective from Koha item type Public note
        Bibliothèque-Centre de Documentation de la Faculté des Sciences Agronomiques Bibliothèque-Centre de Documentation de la Faculté des Sciences Agronomiques 08/05/2005   BU T.NSA 005 1988 28/02/2009 03 28/02/2009 Livre A.8295


© 2008, Bibliothèques de l'Université d'Abomey-Calavi

04 BP 789 Cotonou, Tél. : +229 21 36 01 01, Fax : +229 21 35 06 32

Courriel : bu@bu.uac.bj